00831nam a2200229 4500001000800000005001700008008000400025010001700029020001500046020002200061040001900083050002000102082001400122100001600136245006200152260007300214300003400287504006400321650005600385856008600441856007400527392346120150323145156.0000 a 92024680  a0521432804 a0521438594 (pbk.) aUOELcDLCdDLC00aS591b.W72 199300a631.42201 aWild, Alan.10aSoils and the environment :ban introduction cAlan Wild. aCambridge ;aNew York, NY, USA :bCambridge University Press,c1993. axix, 287 p. :bill. ;c24 cm. aIncludes bibliographical references (p. 277-280) and index. 0aSoilsxAgriculture (General)2Environmental aspects423Publisher descriptionuhttp://www.loc.gov/catdir/description/cam025/92024680.html413Table of contentsuhttp://www.loc.gov/catdir/toc/cam029/92024680.html